000 00696naa a2200217 4500
001 172290
003 ES-MaBCM
005 20250717062604.0
008 091016s2009 esp|r0p 0 ||spa d
021 _axx
035 _a(OCoLC)1365224336
040 _cES-MaBCM
100 1 _aAlbalate, Joaquín Juan
_9629
245 1 0 _aEl trabajo en beneficio de la comunidad como alternativa a la prisión
_b: entre la aceptación y el rechazo
_cJoaquín Juan Albalate
520 3 _aContiene bibliografía
650 2 7 _aSanción penal
_960174
650 2 7 _aPolítica social
_959845
651 2 4 _aEspaña
_9115342
773 0 _aEn:
_t Papers
_dBarcelona
_w104483
_gN. 91 (2009), p. 11-28
942 _cAREV
999 _c172290
_d172290